LEADER 01422nam2-2200421---450- 001 990006181740203316 005 20161201120157.0 010 $a84-7100-448-7 035 $a000618174 035 $aUSA01000618174 035 $a(ALEPH)000618174USA01 035 $a000618174 100 $a20160111d1992----km-y0itay50------ba 101 $aspa 102 $aES 105 $a||||||||001yy 200 1 $aImpacto de la urbanizacion en los centros historicos de Iberoamerica$etendencias y perspectivas$fJorge Enrique Hardoy, Margarita Gutman$gcon la colaboracion de Sylvio Mutal 210 $aMadrid$cEditorial Mapfre$d1992 215 $a536 p.$d23 cm 225 2 $aColecciones Mapfre 1492. Ciudades de Iberoamérica$v17 410 0$1001000613957$aColecciones Mapfre 1492. Ciudades de Iberoamérica$v, 17 454 1$12001 461 1$1001$12001 606 0 $aUrbanizzazione$yAmerica Latina 676 $a307.24 700 1 $aHARDOY,$bJorge E.$0269913 702 $aGUTMAN,$bMargarita 702 $aMUTAL,$bSylvio 801 0$aIT$bsalbc$gISBD 912 $a990006181740203316 951 $aVI.7.COLL.9/ 17$b122 ISLA 959 $aBK 969 $aUMA 979 $aMARANO$b90$c20161201$lUSA01$h1151 979 $aMARANO$b90$c20161201$lUSA01$h1154 979 $aMARANO$b90$c20161201$lUSA01$h1201 996 $aImpacto de la urbanizacion en los centros historicos de Iberoamerica$91394693 997 $aUNISA LEADER 01606oam 2200457 450 001 9910716068003321 005 20210930145734.0 035 $a(CKB)5470000002517423 035 $a(OCoLC)1250266503 035 $a(EXLCZ)995470000002517423 100 $a20210510d2021 ua 0 101 0 $aeng 135 $aur||||||||||| 181 $ctxt$2rdacontent 182 $cc$2rdamedia 183 $acr$2rdacarrier 200 12$aA call to action $eNative communities' priorities in focus for the 117th Congress : hearing before the Committee on Indian Affairs, United States Senate, One Hundred Seventeenth Congress, first session, February 24, 2021 210 1$aWashington :$cU.S. Government Publishing Office,$d2021. 215 $a1 online resource (iii, 77 pages) 225 1 $aS. hrg. ;$v117-8 320 $aIncludes bibliographical references. 517 $aCall to action 606 $aIndians of North America$xLegal status, laws, etc 606 $aCOVID-19 (Disease)$zUnited States 606 $aInfrastructure (Economics)$zUnited States 606 $aFederal-Indian trust relationship 606 $aWater rights$zUnited States 608 $aLegislative hearings.$2lcgft 615 0$aIndians of North America$xLegal status, laws, etc. 615 0$aCOVID-19 (Disease) 615 0$aInfrastructure (Economics) 615 0$aFederal-Indian trust relationship. 615 0$aWater rights 801 0$bGPO 801 1$bGPO 801 2$bOCLCO 801 2$bGPO 906 $aBOOK 912 $a9910716068003321 996 $aA call to action$93431927 997 $aUNINA